| 000 | 02693cam a2200313 i 4500 | ||
|---|---|---|---|
| 001 | 991107279170706196 | ||
| 005 | 20250509080530.0 | ||
| 008 | 220329s2023 enk b 001 0 eng | ||
| 010 | _a 2022012251 | ||
| 020 |
_a9781009107976 _q(paperback) |
||
| 035 |
_a(OCoLC)1315579489 _z(OCoLC)1313943318 _z(OCoLC)1334661062 |
||
| 035 | _a(OCoLC)on1315579489 | ||
| 040 |
_aDLC _beng _erda _cDLC _dOCLCF _dIMD _dJNE _dYDX _dBDX _dUKMGB _dTOH _dYDX _dILM |
||
| 042 | _apcc | ||
| 050 | 0 | 0 |
_aBF692 _b.G677 2023 |
| 100 |
_aGrant, Jon E., _eauthor. _925167 |
||
| 245 | 1 | 0 |
_aImpulse _b: the science of sex and desire _c/ Jon E. Grant, University of Chicago, Samuel R. Chamberlain, University of Cambridge. |
| 250 | _aFirst edition. | ||
| 264 | 1 |
_aCambridge, United Kingdom ; _aNew York, NY : _bCambridge University Press, _c2023. |
|
| 300 |
_avi, 250 pages ; _c20 cm |
||
| 504 | _aIncludes bibliographical references and index. | ||
| 505 | 0 | _aSex and desire — Development issues around sex — Healthy sex — Too little sex — Too much sex — Sex and physical health — Drinking, drugs, and sex — Relationship problems — Sex and digital technology — Diverse aspects of sex — Sex and pandemics. | |
| 520 |
_a"For most of us, sex is important. Some of our first close friendships are initiated when we discuss sex - adolescent boys and girls navigating puberty and sexual desires. We may spend countless hours fantasizing about and planning our first sexual experience. Dating for many becomes an important rite of passage. As adults, we look for partners who can provide a satisfying sexual experience. In fact, most people have their first sexual experience long before they fall in love or meet a long-term partner. Sex means different things to different people and within the same person, sex mean different things to us at different times in our lives and changes based on emotional development and life stages. Simply put, sex is complicated. Even in non-physical ways, sex seems to permeate our everyday lives. Movies and television series are more enticing if there is a sexual theme. Jokes and conversations are riddled with double entendres. Magazine covers, news, and advertisements sell themselves or products using half-naked people by alluding to fantasies of sex or in many cases graphically telling us about people's sex lives. Sex is obviously more than just a physical act. It also incorporates psychological, social, political, and even spiritual dimensions"-- _cProvided by publisher |
||
| 650 | 0 |
_aSex (Psychology) _925168 |
|
| 650 | 0 |
_aSexual attraction _xSocial aspects. |
|
| 650 | 0 |
_aDesire _925169 |
|
| 700 |
_aChamberlain, Samuel, _eauthor. _925170 |
||
| 942 | _2lcc | ||
| 999 |
_c4645 _d4645 |
||